00753nam a2200241Ia 4500003000900000005001700009008004100026040001300067040001300080041000800093100002400101245006600125250000900191260002100200260000900221300001100230300001000241490000600251600002600257942001200283999001700295952019900312IT-RoPAU20220918175838.0120407s9999 xx 000 0 und d aIT-RoPAU cIT-RoPAU aita aCandido Pozo936091 aTeologia dell’aldilà. Trad. dallo spagnolo di Luigi Rolfo aRoma aEdizioni Paoline c1971 a336 p. c21 cm v1 a1. Escatologia936092 cBK2ddc c32909d32909 00102ddc406236_13000000000000071aPAULUSbPAULUSd2012-04-11l0o236.13r2012-04-11 00:00:00w2012-04-11yBKzInserito da: Mario In data: 19 settembre 2011 fondo: Via A.Severo 56 Progr:34610